A tale of refugees : (Record no. 47818)
[ view plain ]
| 000 -LEADER | |
|---|---|
| fixed length control field | 01067nam a2200301 a 4500 |
| 001 - CONTROL NUMBER | |
| control field | 47818 |
| 003 - CONTROL NUMBER IDENTIFIER | |
| rucl marc code | BD-RjUL |
| 005 - DATE AND TIME OF LATEST TRANSACTION | |
| control field | 20211209054411.0 |
| 008 - FIXED-LENGTH DATA ELEMENTS--GENERAL INFORMATION | |
| fixed length control field | 160810s1995 bg a b 000 0 eng |
| 035 ## - SYSTEM CONTROL NUMBER | |
| System control number | (BD-RjUL)47937 |
| 040 ## - CATALOGING SOURCE | |
| Original cataloging agency | DLC |
| Transcribing agency | DLC |
| Language of cataloging | eng |
| Modifying agency | BD-RjUL |
| 041 ## - LANGUAGE CODE | |
| Language code of text/sound track or separate title | eng |
| 082 00 - DEWEY DECIMAL CLASSIFICATION NUMBER | |
| Classification number | 305.8958 |
| Edition number | 23 |
| Author mark and year | RAT 1995 |
| 100 1# - MAIN ENTRY--PERSONAL NAME | |
| Personal name | Razzaq, Abdur |
| 9 (RLIN) | 145192 |
| 245 12 - TITLE STATEMENT | |
| Title | A tale of refugees : |
| Remainder of title | Rohingyas in Bangladesh / |
| Statement of responsibility, etc. | Abdur Razzak, Mahfuzul Haque. |
| 246 18 - VARYING FORM OF TITLE | |
| Title proper/short title | Rohingyas in Bangladesh |
| 260 ## - PUBLICATION, DISTRIBUTION, ETC. (IMPRINT) | |
| Place of publication, distribution, etc. | Dhaka : |
| Name of publisher, distributor, etc. | Centre for Human Rights, |
| Date of publication, distribution, etc. | c1995. |
| 300 ## - PHYSICAL DESCRIPTION | |
| Pagination | 234 p. : |
| Illustrations | ill. ; |
| Size | 22 cm. |
| 504 ## - BIBLIOGRAPHY, ETC. NOTE | |
| Bibliography, etc | Includes bibliographical references. |
| 520 ## - SUMMARY, ETC. | |
| Summary, etc. | On Rohingyas of Arakan State, Burma taking refuge in Bangladesh, and their repatriation. |
| 650 #0 - SUBJECT ADDED ENTRY--TOPICAL TERM | |
| Topical term or geographic name as entry element | Rohingya (Burmese people) |
| 9 (RLIN) | 145193 |
| Topical term or geographic name as entry element | Rohingya (Burmese people) |
| Geographic subdivision | Bangladesh. |
| 9 (RLIN) | 128322 |
| Topical term or geographic name as entry element | Refugees |
| Geographic subdivision | Burma. |
| 9 (RLIN) | 128323 |
| Topical term or geographic name as entry element | Refugees |
| Geographic subdivision | Bangladesh. |
| 9 (RLIN) | 128324 |
| 700 1# - ADDED ENTRY--PERSONAL NAME | |
| Personal name | Haque, Mahfuzul. |
| 710 2# - ADDED ENTRY--CORPORATE NAME | |
| Corporate name or jurisdiction name as entry element | Centre for Human Rights (Dhaka, Bangladesh) |
| 9 (RLIN) | 145195 |
| 942 ## - ADDED ENTRY ELEMENTS (KOHA) | |
| Source of classification or shelving scheme | Dewey Decimal Classification |
| Koha item type | Books |
| Lost status | Source of classification or shelving scheme | Damaged status | Not for loan | Collection code | Permanent Location | Current Location | Shelving location | Date acquired | Source of acquisition | Cost, normal purchase price | Total Checkouts | Full call number | Date last seen | Copy number | Koha item type |
|---|---|---|---|---|---|---|---|---|---|---|---|---|---|---|---|
| Dewey Decimal Classification | Non-fiction | Central Library, University of Rajshahi | Central Library, University of Rajshahi | 24/10/1996 | BOOK SYNDICATE DHAKA | 225.00 | 305.8958 RAT 1995 | 10/08/2016 | C-2 | Books |